000 00388nam a2200157 i 4500
001 bg
100 1 _aGALISEV, V. S.
245 0 _aVoprosy teorii mnogokaratnogo rassejanija castic /
_cV. S. Galisev.
260 _aMoskva :
_bAtomizdat,
_c1972.
300 _as. 118.
040 _cBPK
041 _apol
080 _a539.121
942 _cKS
008 s pl f |000 0 pol
999 _c14709
_d14709
856 _uhttp://koha.tu.koszalin.pl/cgi-bin/koha/opac-detail.pl?biblionumber=14709
_yKatalog online BPK